000 01029nmm a2200325 a 4500
001 ocm000598253
003 TR-IsHL
005 20201028125751.0
008 130927s1999 tu tur
007 cr cn
020 _a9789755123523
035 _a598253
_b(N$T)
050 0 4 _aHG4521
_b.Y38 1999
090 0 4 _aHG4521
_b.Y38 1999
245 1 0 _aYatırım destekleri konusunda soru ve cevaplar
_h[electronic resource] /
_chaz. A.Suha Alacaklıoğlu
250 _a1. bs.
260 _aİstanbul :
_bİstanbul Ticaret Odası,
_c1999
300 _a58 p.
650 4 _aEkonomi ve Finans
650 4 _aEconomics and Finance
650 0 _aYatırımlar
650 0 _aInvestments
650 0 _aYatırım analizi
650 0 _aInvestment analysis
650 0 _aMaliye
650 0 _aFinance
650 7 _aBUSINESS & ECONOMICS / Investments & Securities / General
_2bisacsh
700 1 _aAlacaklıoğlu, A. Suha
856 4 0 _uhttp://search.ebscohost.com/login.aspx?direct=true&scope=site&db=e011xww&AN=598253
999 _c3658
_d3658